00261 a2200109 4500001000700000040003500007100002300042240003600065245003100101300001000132362000900142156753 cEscola São Tomás de Aquino aNEVES, Elza Aguiar10aVem da mata o grito de pazlpor10aVem da mata o grito de paz a27 p.0 a2011